Club de foot jouant en mauve/violet - Mort subite - Statistiques

Statistiques générales
  • Ce quiz a été pris 164 fois
  • Le résultat moyen est 5 sur 16
Answers on the Grid
Answers color-coded by a green-red scale on the quiz's grid according to % correct below.
Sarrebruck
Anderlecht
Fiorentina
Toulon
New York RB
Toulouse
Austria Vienne
Steaua Bucarest
Afjet Afyonspor
Athletic Bilbao
Erzgebirge Aue
Osnabrück
Orlando City
Beerschot
Sydney
Al Aïn
Real Valladolid
Majorque
Patro Eisden
Dender
Monterrey
Perth Glory
Bahia
NK Maribor
Shamrock Rovers
Celje
Real Potosie
Pafos
Sunderland
Genoa
Meix devant-Virton
Rio Ave
 
Statistiques - réponses
Réponse % Correct
Fiorentina
93%
Anderlecht
86%
Toulouse
81%
Austria Vienne
43%
Orlando City
42%
Real Valladolid
41%
Al Aïn
27%
Beerschot
16%
Erzgebirge Aue
13%
Osnabrück
13%
Perth Glory
11%
NK Maribor
8%
Meix devant-Virton
6%
Real Potosie
6%
Afjet Afyonspor
5%
Patro Eisden
4%
Aucun quiz correspondant
Distribution des résultats
% des personnes avec chaque résultat
Percentile par nombre de réponses
Votre historique - résultats
Vous n’avez pas pris ce quiz